What kind of nation : (Record no. 1450)

000 -LEADER
fixed length control field 01835nam a22004097a 4500
001 - CONTROL NUMBER
control field 12576164
003 - CONTROL NUMBER IDENTIFIER
control field OSt
005 - DATE AND TIME OF LATEST TRANSACTION
control field 20210426064305.0
008 - FIXED-LENGTH DATA ELEMENTS--GENERAL INFORMATION
fixed length control field 011031s2002 nyu b 001 0 eng
010 ## - LIBRARY OF CONGRESS CONTROL NUMBER
LC control number 2001055027
020 ## - INTERNATIONAL STANDARD BOOK NUMBER
International Standard Book Number 0684848708
040 ## - CATALOGING SOURCE
Original cataloging agency DLC
Transcribing agency DLC
Modifying agency DLC
043 ## - GEOGRAPHIC AREA CODE
Geographic area code n-us---
050 00 - LIBRARY OF CONGRESS CALL NUMBER
Classification number KF4541
Item number .S53 2002
080 ## - UNIVERSAL DECIMAL CLASSIFICATION NUMBER
Universal Decimal Classification number 94
Item number S-61
082 00 - DEWEY DECIMAL CLASSIFICATION NUMBER
Classification number 342.73/029
Edition number 21
100 1# - MAIN ENTRY--PERSONAL NAME
Personal name Simon, James F.
245 10 - TITLE STATEMENT
Title What kind of nation :
Remainder of title Thomas Jefferson, John Marshall, and the epic struggle to create a United States /
Statement of responsibility, etc. James F. Simon.
260 ## - PUBLICATION, DISTRIBUTION, ETC.
Place of publication, distribution, etc. New York :
Name of publisher, distributor, etc. Simon & Schuster,
Date of publication, distribution, etc. c2002.
300 ## - PHYSICAL DESCRIPTION
Extent 348 p. ;
Dimensions 23 cm.
365 ## - TRADE PRICE
Price type code 27.50 USD
504 ## - BIBLIOGRAPHY, ETC. NOTE
Bibliography, etc. note Includes bibliographical references (p. [303]-325) and index.
600 10 - SUBJECT ADDED ENTRY--PERSONAL NAME
Personal name Jefferson, Thomas,
Dates associated with a name 1743-1826.
600 10 - SUBJECT ADDED ENTRY--PERSONAL NAME
Personal name Marshall, John,
Dates associated with a name 1755-1835.
610 10 - SUBJECT ADDED ENTRY--CORPORATE NAME
Corporate name or jurisdiction name as entry element United States.
Subordinate unit Supreme Court
General subdivision History.
650 #0 - SUBJECT ADDED ENTRY--TOPICAL TERM
Topical term or geographic name entry element Constitutional history
Geographic subdivision United States.
650 #0 - SUBJECT ADDED ENTRY--TOPICAL TERM
Topical term or geographic name entry element Political questions and judicial power
Geographic subdivision United States
General subdivision History.
650 #0 - SUBJECT ADDED ENTRY--TOPICAL TERM
Topical term or geographic name entry element Executive power
Geographic subdivision United States
General subdivision History.
651 #0 - SUBJECT ADDED ENTRY--GEOGRAPHIC NAME
Geographic name United States
General subdivision Politics and government
Chronological subdivision 1783-1809.
653 ## - INDEX TERM--UNCONTROLLED
Uncontrolled term ისტორია
856 42 - ELECTRONIC LOCATION AND ACCESS
Materials specified Contributor biographical information
Uniform Resource Identifier <a href="http://www.loc.gov/catdir/bios/simon051/2001055027.html">http://www.loc.gov/catdir/bios/simon051/2001055027.html</a>
856 42 - ELECTRONIC LOCATION AND ACCESS
Materials specified Publisher description
Uniform Resource Identifier <a href="http://www.loc.gov/catdir/description/simon033/2001055027.html">http://www.loc.gov/catdir/description/simon033/2001055027.html</a>
856 41 - ELECTRONIC LOCATION AND ACCESS
Materials specified Table of contents only
Uniform Resource Identifier <a href="http://www.loc.gov/catdir/enhancements/fy0705/2001055027-t.html">http://www.loc.gov/catdir/enhancements/fy0705/2001055027-t.html</a>
906 ## - LOCAL DATA ELEMENT F, LDF (RLIN)
a 7
b cbc
c orignew
d 1
e ocip
f 20
g y-gencatlg
942 ## - ADDED ENTRY ELEMENTS (KOHA)
Source of classification or shelving scheme
Koha item type Books
Holdings
Withdrawn status Lost status Source of classification or shelving scheme Damaged status Not for loan Permanent location Current location Date acquired Inventory number Total Checkouts Full call number Barcode Date last seen Price effective from Koha item type
          Ken Walker International University Ken Walker International University 02/16/2021 1282   94 S-61 1282 02/16/2021 02/16/2021 Books

Powered by Koha